Численное моделирование фрагментации толстостенных цилиндрических оболочек при взрывном нагружении: диссертация на соискание ученой степени кандидата технических наук

Dades bibliogràfiques
Autor principal: Пашков С. В. Сергей Владимирович
Autor corporatiu: Томский государственный университет
Idioma:rus
Publicat: Томск, 2000
Matèries:
Format: MixedMaterials Llibre
KOHA link:https://koha.lib.tpu.ru/cgi-bin/koha/opac-detail.pl?biblionumber=24373

MARC

LEADER 00000nbm0a2200000 4500
001 24373
005 20250225063224.0
035 |a (RuTPU)RU\TPU\book\24600 
035 |a BOOK00000004 
090 |a 24373 
100 |a 20011209d2000 k y0rusy50 ca 
101 0 |a rus 
102 |a RU 
105 |a y m 000zy 
200 1 |a Численное моделирование фрагментации толстостенных цилиндрических оболочек при взрывном нагружении  |e диссертация на соискание ученой степени кандидата технических наук  |f С. В. Пашков  |g Томский государственный университет 
210 |a Томск  |d 2000 
215 |a 124 л. 
610 1 |a прочность 
610 1 |a цилиндрические оболочки 
610 1 |a толстостенные оболочки 
610 1 |a взрывное нагружение 
610 1 |a численное моделирование 
610 1 |a фрагментации 
610 1 |a сплошная среда 
610 1 |a движение 
610 1 |a разрушения 
610 1 |a разрушаемая среда 
610 1 |a диссертации 
675 |a 539.4.01(04)  |v 3 
700 1 |a Пашков  |b С. В.  |g Сергей Владимирович 
712 0 2 |a Томский государственный университет  |c 1917-2009  |7 ca  |8 rus  |2 stltpush  |3 (RuTPU)RU\TPU\col\397  |9 23396 
801 0 |a RU  |b 63413507  |c 20011209  |g PSBO 
801 2 |a RU  |b 63413507  |c 20140324  |g PSBO 
942 |c BK